000 00491cam a22002054a 4500
005 20250605164246.0
008 250528s ||||||||||||||||||||||||d
035 _a21499
020 _a9780071139144
040 _aGR-AtMCL
_bgre
_dGR-AtMCL
_eAACR2
245 1 _aECONOMICS
250 _a15 INTERNATIONAL
260 _bMcgraw Hill,
_c1995
300 _a790
700 1 _aNordhaus William D
_93377
700 1 _aSamuelson Paul A
_93378
942 _cBK
999 _c6561
_d6561